| 000 | 00371nam a2200121 4500 | ||
|---|---|---|---|
| 999 |
_c10508 _d10508 |
||
| 008 | 180904b ||||| |||| 00| 0 eng d | ||
| 100 |
_930839 _aSimeon, Louise Maureen |
||
| 245 |
_aBanana industry losing global edge/ _cLouise Maureen Simeon |
||
| 260 |
_aPhilippines _bThe Philippine Star _cc2016 |
||
| 300 | _apage B-9. | ||
| 650 | 0 |
_930840 _aIndustries. |
|
| 942 |
_2ddc _cPER |
||